000 00618nam a22001817a 4500
005 20251108171237.0
008 250721s1985 xx 000 0 ara d
082 1 4 _aم/218.9/عرب
100 1 _aإبن العربي، محي الدين أبو بكر محمد بن علي ... الأندلسي
245 1 0 _aالفتوحات المكية /
250 _aط2
264 1 _aالقاهرة :
_bالهيئة المصرية العامة للكتاب،
_c1985.
300 _a10ج
650 1 7 _aالتصوف الإسلامي
700 1 _aمدكور، إبراهيم
_eتحقيق
942 _2ddc
_cREF
999 _c60269
_d60269